00681nac a22002177a 4500001001000000003000900010005001700019008003400036040005400070072000800124100002200132100001600154110008600170245001900256260003600275300001000311490010400321500001100425650001000436650001700446BR8703908BR-BrBNA20240105120519.0230509b bl.|||m| |||| 00| 0 por d aBR-BrBNAbporcBiblioteca Nacional de Agricultura aF011 aArruda, R.J.S. de1 aNolasco, F.1 aEmpresa Brasileira de Assistencia Tecnica e Extensao Rural, Brasilia, DF (Brasil)1 aPomar - matriz3 aBrasilia, DF (Brasil): c1986.  a16 p. aInformacoes Tecnicas - Empresa Brasileira de Assistencia Tecnica e Extensao Rural (Brazil)vno. 8x a5 ref. aPOMAR aFRUTICULTURA